000 00680nam a2200241Ia 4500
003 OSt
005 20221007075311.0
006 a|||||r|||| 00| 0
007 ta
008 221006b |||||||| |||| 00| 0 eng d
024 _a14,256
037 _cReports / Technical Reports
040 _aFLL
_cFLL
_beng
041 _2eng
_aeng
082 _aX:517:Z2t, L7
110 _aGovt. of India
245 0 _aFederation of indian chambers of commerce and industry
260 _aNew Delhi
_bFederation House India
_c1977
300 _a94p
_ccm.
700 _aGovt. of India
942 _hX:517:Z2t, L7
_cREP
_2CC
999 _c1155537
_d1155537